Online Catalogue and eLibrary

Women as subjects : (Record no. 91)

MARC details
000 -LEADER
fixed length control field 00661cam a2200241 a 4500
001 - CONTROL NUMBER
control field 2998661
005 - DATE AND TIME OF LATEST TRANSACTION
control field 20231127235750.0
008 - FIXED-LENGTH DATA ELEMENTS--GENERAL INFORMATION
fixed length control field 931116s1994 vau b 001 0 eng
020 ## - INTERNATIONAL STANDARD BOOK NUMBER
ISBN 081391521X
020 ## - INTERNATIONAL STANDARD BOOK NUMBER
ISBN 0813915228 (pbk.)
040 ## - CATALOGING SOURCE (பட்டியலாக்க மூலம்)
Original cataloging agency DLC
Transcribing agency DLC
Modifying agency DLC
082 00 - DDC Classification
Class No. 305.4
DDC Edition Number 20
245 00 - TITLE STATEMENT
Title Women as subjects :
Remainder of title South Asian histories /
Statement of responsibility, etc. edited by Nita Kumar.
260 ## - PUBLICATION, DISTRIBUTION, ETC.
Place of publication, distribution, etc. Charlottesville :
Name of publisher, distributor, etc. University Press of Virginia,
Date of publication, distribution, etc. 1994.
300 ## - PHYSICAL DESCRIPTION
Extent (e.g. Volumes, Pages etc.) 239 p.
490 1# - SERIES STATEMENT
Series statement Feminist issues : practice, politics, theory
650 #0 - SUBJECT ADDED ENTRY--TOPICAL TERM
Topical term or geographic name entry element Women
650 #0 - SUBJECT ADDED ENTRY--TOPICAL TERM
Topical term or geographic name entry element Women
650 #0 - SUBJECT ADDED ENTRY--TOPICAL TERM
Topical term or geographic name entry element Women's rights
650 #0 - SUBJECT ADDED ENTRY--TOPICAL TERM
Topical term or geographic name entry element Feminism
700 1# - ADDED ENTRY--PERSONAL NAME
Personal name Kumar, Nita,
Relator term (Role) Editor
942 ## - Koha item type (Biblio)
Koha item type Books in Stacks (Lending)
Holdings
Lost status Damaged status Collection code Home library Current library Date acquired Full call number Accession Number Item type
    Lending WERC Library WERC Library 11/28/2023 305.4 2579 Books in Stacks (Lending)

© WERC Library